MDQL
is popping MORE tags! Check the
thread
!
Quizzes
Events
Quiz Creation
Community
Videos
Private Events
Remove Ads
Sign In
Join for FREE
Feedback
Dark Mode
Quiz Categories
Sports
Geography
Music
Movies
Television
Just For Fun
Miscellaneous
History
Literature
Language
Science
Gaming
Entertainment
Religion
Holiday
For Kids
Quiz Lab
Recent
Popular Today
Quiz Kudos Today
Editor Picks
Curator Picks
Quizzes by...
Day
Popularity
Type
Ratings
Length
Year
Community
Subscriptions
Recent Discussions
Orange Saloon
Badges
Playlists
Quests
Create
Leaderboards
Showdown
Live 5
Trivia Bingo
Activity
Puzzle Library
Sporcle Events
Private Events
Virtual Trivia
Globe League
Become a Host
Pub Owners
SporcleCon
Opinionation
Our Games
Videos
Blog
Mobile Apps
Partnerships
Remove Ads and Go Orange
Feedback
Science
Computer
Plants
Astronomy
Chemistry
Elements
Math
Animal
Physics
Anatomy
Biology
Geology
General Science
Science
Computer
Plants
Astronomy
Chemistry
Elements
Math
Animal
Physics
Anatomy
Biology
Geology
General Science
Random Quiz
Search Sporcle
×
Quiz Lab
Quiz Lab
Science
System
Type in answers that appear in a list
Type in answers that appear in a list
Classic
Best Score? Go Orange.
Puder- Female Reproductive System Stats
Can you name the Puder- Female Reproductive System ?
By
touroyeah
10m
38 Questions
31 Plays
31 Plays
31 Plays
Comments
Comments
Give Quiz Kudos
Give Quiz Kudos
-
- Ratings
hide this ad
Forced Order
Answers have to be entered in order
Answers have to be entered in order
Random Order
Randomize order of answers
Randomize order of answers
Replay
Link that replays current quiz
Next Quiz
Link to next quiz in quiz playlist
You Got
0%
They Got
Avg Score
42%
Avg Friend Score
Upgrade to see
Score Distribution
Jump to the score distribution portion of the page
Score
0/38
Timer
10:00
0
Plays Today
xx
x
% Correct
Labia _
_
_
_
_
: thin skin flaps devoid of adipose tissue. Abundant blood vessels and elastic fibers.
minora
71%
_
_
_
_
_
: Opening for the bladder
Urethra
64.5%
_
_
_
_
_
_
: Muscular organ that receives right and left uterine tubes. Consists of 3 parts-
Cervix, fundus, body.
Uterus
64.5%
_
_
_
_
_
: Lines the interior of the uterus. It is composed of glands and stroma. Its 2 layers include the deep basal layer and superficial functional layer.
Endometrium
58.1%
Mons _
_
_
_
overlies symphysis pubis. At onset of puberty, a fat pad develops underneath skin and growth of pubic hair begins.
pubis
54.8%
_
_
_
_
: Female equivalent of the penis. Composed of 2 corpora cavernosa (erectile tissue). Lie side by side surrounded by a fibrocollagenous sheath. Covered by a thin epidermis. Engo
Clitoris
54.8%
_
_
_
_
_
_
_
: Endocrine organ that produces steroid hormones that prepare uterine endometrium for conception and maintain pregnancy should fertilization occur.
Ovary
54.8%
_
_
_
_
_
os: junction between uterine body and cervix
Internal
51.6%
_
_
_
_
os: junction between cervix and vagina. An important site for pathological changes.
External
51.6%
_
_
_
_
_
: Segment of Uterine tube where fertilization takes place.
Ampulla
51.6%
_
_
_
_
: Fibromuscular collapsed tube extending from vestibule to uterus. Forms a 90 degree angle with an anteverted uterus.
Vagina
48.4%
_
_
_
_
_
: Layer of the uterus that have thick walls composed of smooth muscle. Undergoes hypertrophy and hyperplasia during pregnancy.
Myometrium
48.4%
_
_
_
_
_
(vulvovaginal) glands: Analogous to bulbourethral glands in the male. Located around lower vagina. Opens into vagina near hymen. Mucus-
secreting cells.
Bartholin's
45.2%
_
_
_
_
_
_
_
-
Columnar Cervical Junction: This area is most likely to be affected by disease. The acidic environment of the vagina induces the squamous epithelium to replace the columnar
Squamo
45.2%
Involution changes corpus luteum to corpus _
_
_
_
_
_
that has less granulosa and theca lutein cells so has less progesterone and estrogen to secrete.
albicans
45.2%
_
_
_
_
_
_
glands (Skene's glands): Located on either side of the urethra. Consists of pseudostratified epithelium.
Paraurethral
41.9%
After ovulation, Secretory (luteal) phase -
Mucin is thick, scanty, and _
_
_
_
_
pH which deters penetration of sperm.
acidic
41.9%
During ovulation: LH surge induces completion of 1st stage of _
_
_
_
_
.
meiosis
41.9%
Days 4-
14 of cycle:Estrogen effects. Vagina = _
_
_
_
_
_
environment (welcoming environment for sperm)
alkaline
41.9%
xx
x
% Correct
Days 5-
25 of cycle: Progesterone effects. Vagina = _
_
_
_
_
_
environment.
acidic
41.9%
Mucosa of the _
_
_
_
_
: Contains elastic fibers to permit distension.
Vagina
38.7%
Movement of _
_
_
_
_
_
cells in uterine tube propel sperm in opposite direction (away from ovary)
ciliated
38.7%
_
_
_
_
changes follicle to corpus luteum.
LH
38.7%
_
_
_
_
: Junction between internal and external genitalia. Outside layer is keratinized.
Hymen
35.5%
_
_
_
_
_
: Smooth muscle fibers embedded in collagen which changes with age and parity. Firm and rubbery with a narrow lumen of less than 1 cm. Stretches and expands to 10cm in parturi
Cervix
35.5%
_
_
_
_
_
: External surface of the cervix that protrudes into the vagina. Rich in glycogen during sexual maturity.
Ectocervix
35.5%
During proliferative (follicular) phase -
mucin is thin, watery, and _
_
_
_
pH which allows for movement of sperm.
alkaline
35.5%
_
_
_
_
_
arteries: Supply the superficial functional layer of the uterine endometrium.
Spiral
35.5%
Theca _
_
_
_
_
: Has LH receptors. Secrete androstenedione (precursor of Estrogen)
interna
35.5%
_
_
_
_
_
_
break down glycogen in the vagina and create an acidic environment. The bacterial flora are acidophilic which deters invasion of bacterial pathogens and fungi (Candida albic
Lactobacilli
32.3%
_
_
_
_
_
cysts/
follicles: Spherical cystic masses. Due to blockages for mucin in deep crypts.
Nabothian
32.3%
_
_
_
_
_
_
arteries: Supply the deep basal layer of uterine endometrium.
Straight
32.3%
_
_
_
_
_
: Lining of the lumen of the cervix. Provides lubrication for the vagina during intercourse. Acts as a protective barrier to keep bacteria out.
Endocervix
29%
_
_
_
_
_
cells of uterine tube produces watery tubal fluids rich in K+, Cl-
, and immunoglobulins (nutrition for ova and sperm)
Secretory
29%
Ovarian _
_
_
_
_
_
has 3 main functions: structural support, give rise to theca interna and externa, and secrete steroid hormones.
stroma
29%
The _
_
_
_
_
_
content of the vagina is at its maximum at ovulation (estrogen is high) and some glycogen rich cells are shed during the secretory phase (progesterone is high)
glycogen
25.8%
Cervical _
_
_
_
_
_
: Cervix in childbirth. Increase in elasticity in cervical stroma
Ripening or Softening
25.8%
_
_
_
_
_
of the Ovary: Has 2 components with supporting stroma and gamete producing structures and their derivatives.
Cortex
22.6%
Quiz Playlist
Details
Report
Send in Message
Add To Playlist
Classic:
Type in answers that appear in a list
Forced Order:
Answers have to be entered in order
Random Order:
Randomize order of answers
Last Updated: Feb 16, 2017
Quiz Scoreboard
CHALLENGE
Sign Up to Join the Scoreboard
Show All
Scores
Hide
Comments
May contain spoilers
Recently Published
Image Sorting: Flags VI
by Barbecue
Geography
2m
Find the 'City' Movie
by crazypaving
Movies
60s
Colored Red Africa Blitz
by spor1
Geography
45s
More to Explore
Quiz From the Vault
Featured Blog Post
14 Easter Pick-up Lines to Find Eggs With
hide this ad
You Might Also Like...
Tags
female
Reproductive
System
Today's Top Quizzes in Science
Browse Science
hide this ad
Today's Top Quizzes in System
Browse System
Top Contributed Quizzes in Science
1
Windmill: Elements
2
200 Vogels in Nederland
3
Square Numbers Scrambled (1-50)
4
Count to 60
5
Elements In Images
6
Glycolysis
7
17 TIMES TABLE
8
4-letter Elementary Words III
9
perfect squares 1-25
10
Quick Pick: 'CI-CJ' Animals
Explore More
Trending Topics
Crossword
Marvel
Harry Potter
Anime
NBA
Disney
Kpop
Puzzle
WWE
Country
Soccer
NFL
Song
The Office
Pokémon
hide this ad
More By:
touroyeah
Quiz
Plays
Rating
Category
Featured
Created
Antibiotics I and II
146
Science
Nov 2, 2010
Vitamin Deficiencies
104
Science
Feb 20, 2012
Parasitology & Mycology
55
Science
Nov 4, 2010
Bacterial Structure/Growth/Metabolism
53
Science
Nov 4, 2010
Antibiotics III
49
Science
Nov 2, 2010
Go to Creator's Profile
Score Distribution
Quiz Creator Spotlight
touroyeah
Follow
Send a Message
Quizzes Created
-
Created Quiz Play Count
-
More By This Creator
Popular Quizzes Today
1
Colored Red Africa Blitz
2
Find the US States - No Outlines Minefield
3
Find the 'City' Movie
4
5x2 Blitz: Bands
5
The Countries of the World
6
Find the US States
7
Find the Countries of Europe - No Outlines Minefield
8
US States
More Science Quizzes
Images for Every Subcategory: Science
Published
Trending Quizzes
Colored Red Europe Blitz I
Colored Red Africa Blitz II
Colored Red Europe Blitz II
Colored Red Africa Blitz III
Colored Red Europe Blitz III
Recently Updated
How Do You Spell That?
pecheneg
Godzilla Movies
pecheneg
Grab Bag: 4-10 Letters
pecheneg
2024 March Madness Bracket
pecheneg
Famous TV Couples
Peacemaker
Champions League XIs: Real Madrid
pecheneg
Largest US Cities 1790-2010
pecheneg
Rides in Walt Disney World
pecheneg
Most Oscar Losses (Acting)
pecheneg
Beyoncé Albums
pecheneg
Trending Topics
Disney
NBA
Kpop
Anime
Harry Potter
Crossword
Marvel
WWE
NFL
Pokémon
Soccer
The Office
Song
Puzzle
Country
Your Account Isn't Verified!
In order to create a playlist on Sporcle, you need to verify the email address you used during registration. Go to your
Sporcle Settings
to finish the process.
Report this User
Report this user for behavior that violates our
Community Guidelines
.
Details:
Send Report
Go to the Sporcle.com Mobile Site →
Comments